Hydrostatics and Stability of Marine Vehicles (Record no. 12631)

000 -LEADER
fixed length control field 02973nam a22005895i 4500
001 - CONTROL NUMBER
control field 978-981-13-2682-0
003 - CONTROL NUMBER IDENTIFIER
control field DE-He213
005 - DATE AND TIME OF LATEST TRANSACTION
control field 20250103112322.0
007 - PHYSICAL DESCRIPTION FIXED FIELD--GENERAL INFORMATION
fixed length control field cr nn 008mamaa
008 - FIXED-LENGTH DATA ELEMENTS--GENERAL INFORMATION
fixed length control field 181013s2019 si | s |||| 0|eng d
020 ## - INTERNATIONAL STANDARD BOOK NUMBER
International Standard Book Number 9789811326820
-- 978-981-13-2682-0
024 ## - OTHER STANDARD IDENTIFIER
Standard number or code 10.1007/978-981-13-2682-0
Source of number or code doi
050 ## - LIBRARY OF CONGRESS CALL NUMBER
Classification number TC1665-1670
072 ## - SUBJECT CATEGORY CODE
Subject category code TTSH
Source bicssc
072 ## - SUBJECT CATEGORY CODE
Subject category code TEC009020
Source bisacsh
072 ## - SUBJECT CATEGORY CODE
Subject category code TTS
Source thema
082 ## - DEWEY DECIMAL CLASSIFICATION NUMBER
Classification number 627.98
Edition number 23
100 ## - MAIN ENTRY--PERSONAL NAME
Personal name Lee, Byung Suk.
Relator term author.
Relationship aut
-- http://id.loc.gov/vocabulary/relators/aut
245 ## - TITLE STATEMENT
Title Hydrostatics and Stability of Marine Vehicles
Medium [electronic resource] :
Remainder of title Theory and Practice /
Statement of responsibility, etc. by Byung Suk Lee.
250 ## - EDITION STATEMENT
Edition statement 1st ed. 2019.
260 ## - PUBLICATION, DISTRIBUTION, ETC.
Place of publication, distribution, etc. Singapore :
Name of publisher, distributor, etc. Springer Nature Singapore :
-- Imprint: Springer,
Date of publication, distribution, etc. 2019.
300 ## - PHYSICAL DESCRIPTION
Extent XIII, 134 p. 67 illus., 23 illus. in color.
Other physical details online resource.
336 ## - CONTENT TYPE
Content type term text
Content type code txt
Source rdacontent
337 ## - MEDIA TYPE
Media type term computer
Media type code c
Source rdamedia
338 ## - CARRIER TYPE
Carrier type term online resource
Carrier type code cr
Source rdacarrier
347 ## - DIGITAL FILE CHARACTERISTICS
File type text file
Encoding format PDF
Source rda
490 ## - SERIES STATEMENT
Series statement Springer Series on Naval Architecture, Marine Engineering, Shipbuilding and Shipping,
International Standard Serial Number 2194-8453 ;
Volume/sequential designation 7
505 ## - FORMATTED CONTENTS NOTE
Formatted contents note Basic Ship Geometry -- Basic Hydrostatics -- Moments and Centroids -- Numerical Integration Methods -- Trim and Longitudinal Stability -- Statical Stability at Small Heels Angles -- Statical Stability at Large Heel Angles -- Dynamical Stability -- Intact Stability Criteria -- Damage Stability and Watertight Subdivision. .
520 ## - SUMMARY, ETC.
Summary, etc. This book addresses the hydrostatics and stability of ships and other floating marine structures - a fundamental aspect of naval architecture and offshore engineering for naval architects and marine engineers. It starts from the most basic concepts, assuming that the reader has no prior knowledge of the subject. By presenting the topic in a methodical and step-by-step manner, the book helps students to enhance their understanding, while also providing valuable guidelines for lecturers teaching related courses. .
650 ## - SUBJECT ADDED ENTRY--TOPICAL TERM
Topical term or geographic name entry element Offshore structures.
650 ## - SUBJECT ADDED ENTRY--TOPICAL TERM
Topical term or geographic name entry element Continuum mechanics.
650 ## - SUBJECT ADDED ENTRY--TOPICAL TERM
Topical term or geographic name entry element Mechanics, Applied.
650 ## - SUBJECT ADDED ENTRY--TOPICAL TERM
Topical term or geographic name entry element Solids.
650 ## - SUBJECT ADDED ENTRY--TOPICAL TERM
Topical term or geographic name entry element Fluid mechanics.
650 ## - SUBJECT ADDED ENTRY--TOPICAL TERM
Topical term or geographic name entry element Engineering design.
650 ## - SUBJECT ADDED ENTRY--TOPICAL TERM
Topical term or geographic name entry element Offshore Engineering.
650 ## - SUBJECT ADDED ENTRY--TOPICAL TERM
Topical term or geographic name entry element Continuum Mechanics.
650 ## - SUBJECT ADDED ENTRY--TOPICAL TERM
Topical term or geographic name entry element Solid Mechanics.
650 ## - SUBJECT ADDED ENTRY--TOPICAL TERM
Topical term or geographic name entry element Engineering Fluid Dynamics.
650 ## - SUBJECT ADDED ENTRY--TOPICAL TERM
Topical term or geographic name entry element Engineering Design.
710 ## - ADDED ENTRY--CORPORATE NAME
Corporate name or jurisdiction name as entry element SpringerLink (Online service)
773 ## - HOST ITEM ENTRY
Title Springer Nature eBook
776 ## - ADDITIONAL PHYSICAL FORM ENTRY
Relationship information Printed edition:
International Standard Book Number 9789811326813
776 ## - ADDITIONAL PHYSICAL FORM ENTRY
Relationship information Printed edition:
International Standard Book Number 9789811326837
776 ## - ADDITIONAL PHYSICAL FORM ENTRY
Relationship information Printed edition:
International Standard Book Number 9789811348006
830 ## - SERIES ADDED ENTRY--UNIFORM TITLE
Uniform title Springer Series on Naval Architecture, Marine Engineering, Shipbuilding and Shipping,
International Standard Serial Number 2194-8453 ;
Volume/sequential designation 7
856 ## - ELECTRONIC LOCATION AND ACCESS
Uniform Resource Identifier <a href="https://doi.org/10.1007/978-981-13-2682-0">https://doi.org/10.1007/978-981-13-2682-0</a>
912 ## -
-- ZDB-2-ENG
912 ## -
-- ZDB-2-SXE
Holdings
Withdrawn status Lost status Damaged status Not for loan Permanent Location Current Location Date acquired Date last seen Price effective from Koha item type
        IMU-MPC Library IMU-MPC Library 2025-01-03 2025-01-03 2025-01-03 E-Book
Copyright © 2021 Indian Maritime University, Mumbai Port Campus. All Rights Reserved. Managed & Maintained by Central Library, IMU-Mumbai

webs counters

Powered by Koha